| 000 | 00520nam a22001697a 4500 | ||
|---|---|---|---|
| 003 | OSt | ||
| 005 | 20250214104630.0 | ||
| 008 | 250213s2013 ag ||||| |||| 00| 1 spa d | ||
| 020 | _a9789876293211 | ||
| 040 | _cbesoc | ||
| 100 | 1 |
_aGaleano, Eduardo, _d1940-2015 _eautor |
|
| 245 | 1 | 0 |
_aMemoria del fuego II : _bLas caras y las máscaras / _cEduardo Galeano |
| 260 |
_aBuenos Aires : _bSiglo Veintiuno, _c2013 |
||
| 300 | _a376 p. | ||
| 650 | 4 |
_aLiteratura uruguaya _vCrónicas _vAnécdotas _ySiglos XVIII-XIX |
|
| 942 |
_2udc _cOG _n0 |
||
| 999 |
_c442 _d442 |
||